000 00705nam a2200229Ia 4500
001 9240
003 GE_BSU
008 181216s||||||||xx |||||||||||||| ||und||
040 _cGE_BSU
080 _a821.353.1-32
100 _aლორია,პარმენ
245 _aკეთილშობილება
245 _bმოთხრობები
245 _cრედ:შ.ზოიძე;მხატვ:გ.ხოჯაშვილი
260 _aბათუმი.
260 _bსაბჭ.აჭარა.
260 _c1974
300 _a246გვ;21სმ.
653 _aკეთილშობილება
653 _aმოთხრობები
942 _cBK
999 _c42542
_d42542